000 00846cam a22002531 4500
001 0000004799
005 20170406120118.0
008 740213r19491935enkac b 000 0beng
010 _a 49006556
035 _9(DLC) 49006556
035 _a(OCoLC)798571
040 _aDLC
_cOKentU
_dOCoLC
_dDLC
042 _aemarc=LC PreMARC Retrospective Conversion Project
050 0 0 _aPR5143
_b.P35 1949
082 0 _a928.2
100 1 _aPatmore, Derek,
_d1908-.
245 1 4 _aThe life and times of Coventry Patmore.
260 _aLondon :
_bConstable,
_c[1949]
300 _axii, 249 p. :
_billus. ports. ;
_c22 cm.
500 _aA rev. and enl. ed. of the author's work first published 1935 under title: Portrait of my family.
504 _aBibliography: p. 243-244.
600 1 0 _aPatmore, Coventry,
_d1823-1896.
908 _a141120
999 _c4610
_d4610